000 00343 a2200157 4500
001 64240
020 _a
040 _cAnchieta - Pituba
100 _aPaulino, Graça
240 1 0 _aTeoria da literatura na escola
_lpor
245 1 0 _aTeoria da literatura na escola
300 _a120
362 0 _a1994
650 4 _aLITERATURA
942 _cBK
999 _c64240
_d64240